| 000 | 00446cam a22001217a 4500 | ||
|---|---|---|---|
| 008 | 180718b1965 xxu||||| |||| 00| 0 eng d | ||
| 082 | _aT3444x54 N213 | ||
| 245 |
_aMarket towns and spatial development in India _cby National Council of Applied Economic Reserach |
||
| 260 |
_aNew Delhi _bNational Council of Applied Economic Reserach _c1965 |
||
| 300 | _a162p. | ||
| 650 | _aMarkets - India | ||
| 700 | _aNational Council of Applied Economic Reserach | ||
| 999 |
_c375372 _d375372 |
||